| 000 | 00415nam a2200181Ia 4500 | ||
|---|---|---|---|
| 001 | 15517 | ||
| 005 | 20260306170202.0 | ||
| 008 | 260306t1991||||xx |||||||||||||| ||und|| | ||
| 041 | _aESP | ||
| 082 |
_a541.369 _bF14 |
||
| 100 |
_aMoring Faires, Virgil _eAUT |
||
| 245 | 0 | _aTermodinámica | |
| 260 | _c1991 | ||
| 300 |
_a668 páginas : _c25 cm. |
||
| 650 | _aGEN | ||
| 654 | _aCCN | ||
| 942 |
_cLIB _dJUS _fJUS _2ddc _n |
||
| 999 |
_c15517 _d15517 |
||